गुड़ियों का देश / (Record no. 169035)

MARC details
000 -LEADER
fixed length control field 01061nam a22002297a 4500
005 - DATE AND TIME OF LATEST TRANSACTION
control field 20191104155346.0
010 ## - LCCN (DPL NO)
LC control number B-730687
020 ## - INTERNATIONAL STANDARD BOOK NUMBER
Terms of availability 295.00
International Standard Book Number 8189356062
035 ## - SYSTEM CONTROL NUMBER
System control number B-730687
037 ## - SOURCE OF ACQUISITION
Source of stock number/acquisition डी.बी.ए.डी./ उपहार
082 ## - DEWEY DECIMAL CLASSIFICATION NUMBER
Classification number 822
100 ## - MAIN ENTRY--PERSONAL NAME
Personal name सरस्वती कुमार 'दीपक'
245 ## - TITLE STATEMENT
Title गुड़ियों का देश /
Statement of responsibility, etc सरस्वती कुमार 'दीपक'
246 ## - VARYING FORM OF TITLE
Title proper/short title Gudion Ka Desh
Remainder of title by Sarswati Kumar 'Deepak'
260 ## - PUBLICATION, DISTRIBUTION, ETC. (IMPRINT)
Place of publication, distribution, etc दिल्ली
Name of publisher, distributor, etc फीनिक्स बुक इंटरनेशनल
Date of publication, distribution, etc 2017
270 ## - ADDRESS
Address (बैक साइड) 1376,कश्मीरी गेट
City दिल्ली
Postal code 110006
300 ## - PHYSICAL DESCRIPTION
Extent 60 पृ.
Dimensions 24सेमी(सजिल्द)
Other physical details सचित्र
650 ## - SUBJECT ADDED ENTRY--TOPICAL TERM
Topical term or geographic name as entry element हिन्दी नाटक
650 ## - SUBJECT ADDED ENTRY--TOPICAL TERM
Topical term or geographic name as entry element Hindi Darama
942 ## - ADDED ENTRY ELEMENTS (KOHA)
Source of classification or shelving scheme Dewey Decimal Classification
Item type Children Books
Call number suffix सरस्व
Classification part 822
Holdings
Withdrawn status Lost status Not for loan Collection code Home library Current library Date acquired Source of acquisition Cost, normal purchase price Full call number Barcode Copy number Cost, replacement price Koha item type Public note
      Non-fiction Kadipur Kadipur 04/11/2019 उपहार/22.10.2019 295.00 822 सरस्व B-730687 1 295.00 Children Books उपहार

© Delhi Public Library
Hit Counter
free hit counter